| 000 | 01513nam a22003257a 4500 | ||
|---|---|---|---|
| 003 | EG-ScBUE | ||
| 005 | 20211024113302.0 | ||
| 008 | 211024s2020 ua a f 000 0 ara d | ||
| 017 | _a2021/21651 | ||
| 020 | _a9789779096704 | ||
| 040 |
_aEG-ScBUE _bara _erda _cEG-ScBUE _dEG-ScBUE |
||
| 043 |
_af-ua--- _aa-cc--- |
||
| 082 | 0 | 4 |
_a327.62051 _bج ا ب _222 |
| 100 | 1 |
_aجاب الله، كمال، _eمؤلف. |
|
| 245 | 1 | 0 |
_aعلامات استرشادية لشراكة إستراتيجية : _bبمناسبة مرور 65 عاما على إقامة العلاقات الدبلوماسية بين مصر والصين / _cالمؤلف كمال جاب الله ؛ تقديم سفير دكتور محمد نعمان جلال، سفير عبد الفتاح عز الدين. |
| 264 | 1 |
_a[مكان النشر غير معرف] : _b[الناشر غير معرف]، _c[2020] |
|
| 264 | 3 |
_aالقاهرة : _bالدرة |
|
| 300 |
_a312 صفحة : _bإيضاحيات ؛ _c24 سم |
||
| 336 |
_2rdacontent _aنص _btxt |
||
| 337 |
_2rdamedia _aبدون وسيط _bn |
||
| 338 |
_2rdacarrier _aمجلد _bnc |
||
| 541 |
_aأ. كمال جاب الله ؛ _cإهداء ؛ |
||
| 651 | 7 |
_aمصر _xعلاقات خارجية _zالصين _2BUEsh |
|
| 651 | 7 |
_aالصين _xعلاقات خارجية _zمصر _2BUEsh |
|
| 653 |
_bBUSBOL _cOctober2021 |
||
| 655 |
_vReading book _934232 |
||
| 700 | 1 |
_aجلال، محمد نعمان، _eمقدم. |
|
| 700 | 1 |
_aعز الدين، عبد الفتاح، _eمقدم. |
|
| 942 | _2ddc | ||
| 999 |
_c29610 _d29581 |
||